00000000nam##2200000za#4500
0019.538259
003CaOODSP
00520210615084814
007ta
008150406|2003||||xxc|||||     f|0| 0 fre|d
020 |a0-660-62357-9
040 |aCaOODSP|bfre
041 |aeng
041 |afre
043 |an-cn---
0861 |aBT31-4/2-2003
1101 |aCanada. |bConseil du trésor.
24510|aAgence de promotion économique du Canada atlantique
260 |aOttawa - Ontario : |bSecrétariat du Conseil du Trésor du Canada |c2003.
300 |a[4], ii, 81p. : |bgraphique, graphiques, tableaux, index ; |c28 cm.
4901 |aRapport sur le rendement pour la période se terminant le 31 mars 2003
5203 |aLes rapports ministériels sur le rendement font partie du Budget des dépenses préparé par le gouvernement du Canada chaque année à l’appui des autorisations de dépenser demandées au Parlement pour l’affectation des fonds publics. Chaque rapport met l’accent sur la reddition de comptes, comparant les réalisations avec les attentes et les engagements établis plus tôt dans le Rapport sur les plans et priorités du ministère. Les rapports ministériels sur le rendement tiennent compte de l’accent sur le citoyen des programmes du gouvernement, établissant le contexte stratégique, les risques et les défis liés au respect des engagements, et les liens entre les ressources que le ministère utilise et les avantages qu’elles ont apportés aux Canadiens et à la société canadienne.
563 |aCouverture souple
590 |a03-45|b2003-11-07
69107|aDéveloppement économique|2gcpds
69107|aInstitution fédérale|2gcpds
69107|aPrévisions budgétaires|2gcpds
69107|aProvinces atlantiques|2gcpds
7760#|tAtlantic Canada Opportunities Agency, performance report for the period ending March 31, 2003 |w(CaOODSP)9.568812
7760#|tAgence de promotion économique du Canada atlantique, rapport sur le rendement pour la période se terminant le 31 mars 2003 |w(CaOODSP)9.600078
791 |tAtlantic Canada Opportunities Agency |eeng|w(CaOODSP)9.538258
830#0|aRapport sur le rendement pour la période se terminant le 31 mars 2003.|w(CaOODSP)9.510917